banner-ar

شبرا : (Record no. 64324)

MARC details
000 -الفاتح
حقل البيانات ثابتة الطول 00856nam a22002177a 4500
005 - وقت وتاريخ اخر تعامل مع التسجيلة
رقم الضبط 20240530110726.0
008 - عناصر البيانات ثابتة الطول - معلومات عامة
حقل البيانات ثابتة الطول 180419s2016 ua ah f 000 0 ara d
017 ## - رقم الايداع القانونى
رقم الايداع القانونى 2016/25261
المصدر ( الهيئة المختصة) مصر. دار الكتب
020 ## - الرقم الدولى المعيارى للكتب
الرقم الدولى المعيارى للكتاب 9789779110301
040 ## - مصدر الفهرسة
وكالة الفهرسة الأصلية EG-CaGPL
وكالة النسخ EG-CaGPL
082 04 - رقم تصنيف ديوى العشرى
رقم الطبعة 21
رقم التصنيف 916.216 /
رقم المادة ق/م ش
100 0# - المدخل الرئيسى - إسم شخصى
الإسم الشخصى محمد عفيفى
245 10 - بيان العنوان
العنوان شبرا :
بقية العنوان اسكندرية صغيرة فى القاهرة /
بيان المسئوليه,etc محمد عفيفى
260 ## - PUBLICATION, DISTRIBUTION, ETC. (IMPRINT)
تاريخ النشر أو التوزيع 2016.
300 ## - الوصف المادى
التعداد 251 ص. :
تفاصيل ماديه اخرى للوعاء ايض ؛
أبعاد الوعاء 24 سم.
504 ## - تبصرة ببليوجرافية
تبصرة ببليوجرافية,الخ يشتمل على ارجاعات ببليوجرافية
650 07 - المدخل الاضافى بالموضوع-مصطلح موضوعى
مصدر الرأس أو المصطلح qrmak
مصطلح موضوعي الاحياء السكنية
التقسيم الفرعي الجغرافي القاهرة
651 07 - المدخل الاضافى بالموضوع - اسم جغرافى
مصدر الرأس أو المصطلح qrmak
الاسم الجغرافي القاهرة
التقسيم الفرعي العام وصف ورحلات
942 ## - عناصر المدخل الإضافي( كوها)
مصدر التصنيف او مخطط الترفيف Dewey Decimal Classification
Koha [default] item type كتاب
260 ## - PUBLICATION, DISTRIBUTION, ETC. (IMPRINT)
-- القاهرة :
-- الهيئة المصرية العامة للكتاب ،
Holdings
حالة التراجع حالة الفقد حالة تلف ليس للاعارة المكان المؤقت الموقع الحالى موقع الترفيف تاريخ الاكتساب اجمالي اﻻعارات رقم الطلب الباركود تاريخ اخر مشاهدة تاريخ تفعيل السعر نوع وعاء كوها
        مكتبة القاهرة الكبرى مكتبة القاهرة الكبرى   04/19/2018   916.216 / ق/م ش 164503 04/19/2018 04/19/2018 كتاب

Powered By

EGPV